000 01026nam a2200289 i 4500
001 000021271
003 DO-SdBNP
005 20260303134923.0
007 ta
008 100907t1984 dr ac 001 0bspa d
040 _aDO-SdBNP
_bspa
_cBNPHU
_erda
041 _aspa
049 _aBNPD
082 4 _a923.17293053
_bT866a 1984
_222
100 1 _aArzeno Rodríguez, Luis,
_d1922-
_eautor
_4aut.
_930661
245 1 0 _aCosas de Trujillo /
_cLuis Arzeno Rodríguez.
250 _atercera edición corregida y aumentada
264 1 _aSanto Domingo :
_bPublicaciones América
_c1984.
300 _a119 páginas :
_bilustraciones, retratos ;
_c22 cm.
336 _atexto
_btxt
_2rdacontent
337 _asin mediación
_bn
_2rdamedia
338 _avolumen
_bnc
_2rdacarrier
600 1 0 _aTrujillo Molina, Rafael Leónidas,
_d1891-1961
_vAnécdotas, chistes y sátiras, etc.
_922667
651 4 _aRepública Dominicana
_xHistoria
_yEra de Trujillo, 1930-1961
_978796
910 _aValidado. Control de calidad EMS.
942 _2ddc
_cLBS1
999 _c20771
_d20771